1路線で5つ以上乗り場があるJR駅 - Statistics

General Stats
  • This quiz has been taken 690 times
    134 since last reset
  • The average score is 59 of 86
Answer Stats
番線 路線 % Correct
東京 1-4,7,8 東北本線
95%
東京 3,6,9,10,総武1,2 東海道本線
95%
東京 14-19 東海道新幹線
95%
旭川 1-7 函館本線
93%
札幌 2-11 函館本線
93%
函館 1-8 函館本線
92%
大宮 1-4,6,7,9,11,19,20,22 東北本線
92%
大宮 13-17 東北新幹線
92%
品川 1,4-15 東海道本線
91%
仙台 1-6 東北本線
90%
新宿 1-8,13-15 山手線
90%
新宿 9-12,16 中央本線
90%
名古屋 2-6,11 東海道本線
89%
上野 1-16 東北本線
88%
横浜 4−10 東海道本線
88%
広島 1-5,7 山陽本線
87%
高崎 2-4,7,8 高崎線
86%
高崎 2,4-7 上越線
86%
新大阪 1-10 東海道本線
86%
大阪 3-11,21-24 東海道本線
86%
千葉 1-10 総武本線
85%
新橋 1-6,地下1-2 東海道本線
85%
池袋 1-3,5-8 山手線
85%
京都 0,2-7,30 東海道本線
85%
新潟 1-5 信越本線、白新線、越後線
84%
博多 11-16 九州新幹線・博多南線
84%
博多 12-16 山陽新幹線
84%
博多 1-8 鹿児島本線
84%
秋田 1-8,11,12 奥羽本線
83%
赤羽 1−6,8 東北本線
80%
大崎 1-8 山手線
79%
長野 2,3,5-7 信越本線
79%
釧路 1-5 根室本線
78%
水戸 3-7 常磐線
78%
大船 1-7 東海道本線
78%
小倉 2-8 鹿児島本線
78%
熊本 1-6 鹿児島本線
78%
鹿児島中央 2-6 鹿児島本線
78%
山形 1-4,6,7 奥羽本線
77%
松本 0-5 篠ノ井線
77%
浦和 1-6 東北本線
76%
神田 1-5 東北本線
75%
豊橋 4-8 東海道本線
75%
日暮里 3,9-12 東北本線
74%
岐阜 1,2,4-6 東海道本線
74%
大分 1-8 日豊本線
72%
いわき 1-5 常磐線
71%
松戸 1-6 常磐線
71%
西船橋 1-6 総武本線
70%
大垣 1-5 東海道本線
70%
尼崎 1,3-8 東海道本線
70%
下関 3,4,6-9 山陽本線
70%
取手 1-6 常磐線
69%
我孫子 1,2,4-8 常磐線
68%
長崎 1-5 長崎本線
67%
草津 2-6 東海道本線
66%
高槻 1-6 東海道本線
66%
成田 1-3,5,6 成田線
64%
和歌山 1-5 阪和線
63%
岩見沢 1,3,4,6,7 函館本線
61%
天王寺 1,3,4,7,8,15 阪和線
61%
福山 3-7 山陽本線
61%
鳥栖 1-6 鹿児島本線
61%
敦賀 5-7,31-34 北陸本線
60%
奈良 1-5 関西本線
59%
中野 1-3,4-8 中央本線
58%
西明石 1-6 山陽本線
58%
津田沼 1−6 総武本線
56%
三鷹 1-6 中央本線
56%
新津 1-5 信越本線、磐越西線
55%
直江津 2-6 信越本線
54%
高松 4-9 予讃線
53%
富士 2-6 東海道本線
48%
米子 1-5 山陰本線
47%
門司 1-6 鹿児島本線
45%
福知山 1-5 山陰本線、福知山線
38%
黒磯 1-5 東北本線
37%
亀山 1-5 関西本線
34%
南福岡 1-5 鹿児島本線
32%
吉田 1-5 越後線
29%
福間 1-5 鹿児島本線
25%
江北 1-5 長崎本線
23%
宮内 1-5 信越本線
18%
阿波池田 1-5 土讃線
16%
城野 1-5 日豊本線
13%
端岡 0-4 予讃線
8%
No matching quizzes found
Score Distribution
Percent of People with Each Score
Percentile by Number Answered
Your Score History
You have not taken this quiz since the last reset